杭州10区的街道乡镇Hangzhou Central Districts' Subdistricts - Statistics

General Stats
  • This quiz has been taken 45 times
  • The average score is 67 of 138
Answer Stats
Hint Answer % Correct
西湖区:浙江广电 西溪街道
85%
钱塘区:金沙湖 下沙街道
82%
西湖区:雷峰塔 西湖街道
79%
西湖区:浙工大屏峰 留下街道
79%
拱墅区:凤起路 武林街道
79%
西湖区:省政府 北山街道
76%
上城区:客运中心 九堡街道
76%
滨江区:白马湖 长河街道
76%
西湖区:第七医院 古荡街道
73%
西湖区:浙大紫金港 三墩镇
73%
上城区:濮家 闸弄口街道
73%
上城区:老机场 笕桥街道
73%
滨江区:奥体中心 西兴街道
73%
滨江区:滨江宝龙 浦沿街道
73%
钱塘区:大学城 白杨街道
73%
余杭区:洪园 五常街道
73%
余杭区:勾庄 良渚街道
73%
临平区:东来阁 临平街道
73%
西湖区:骆家庄 文新街道
70%
上城区:龙翔桥 湖滨街道
70%
余杭区:闲湖 闲林街道
70%
上城区:华家池 凯旋街道
67%
临安区:科技城 青山湖街道
67%
拱墅区:艮山 潮鸣街道
64%
拱墅区:西湖文广 朝晖街道
64%
拱墅区:钱江商贸城 大关街道
64%
上城区:城站 小营街道
64%
上城区:钱江新城 四季青街道
64%
上城区:桃花湖 丁兰街道
64%
钱塘区:第九医院 义蓬街道
64%
余杭区:南湖 余杭街道
64%
余杭区:莫角山遗址 瓶窑镇
64%
余杭区:双溪竹海 径山镇
64%
余杭区:山沟沟 鸬鸟镇
64%
临平区:艺尚花海 乔司街道
64%
萧山区:人民广场 北干街道
64%
萧山区:西山公园 城厢街道
64%
富阳区:野生动物园 银湖街道
64%
西湖区:宋城 转塘街道
61%
西湖区:灵山 双浦镇
61%
拱墅区:打铁关 文晖街道
61%
拱墅区:刀剪剑 拱宸桥街道
61%
上城区:柳浪闻莺 清波街道
61%
上城区:浙大邵逸夫 采荷街道
61%
临平区:运河古镇 塘栖镇
61%
萧山区:大会展中心 南阳街道
61%
萧山区:峙山 临浦镇
61%
萧山区:三江汇南侧 义桥镇
61%
富阳区:阳陂湖 富春街道
61%
西湖区:文三路街区 翠苑街道
58%
西湖区:浙大玉泉 灵隐街道
58%
拱墅区:化纤 和睦街道
58%
拱墅区:杭钢 半山街道
58%
上城区:万松书院 南星街道
58%
上城区:火车东站 彭埠街道
58%
临平区:埃菲尔铁塔 星桥街道
58%
萧山区:钱江世纪城 盈丰街道
58%
临安区 昌化镇
58%
西湖区:湿地 蒋村街道
55%
拱墅区:杭州中心 天水街道
55%
拱墅区:三河相汇 小河街道
55%
上城区:汽车南站 望江街道
55%
钱塘区:桥头堡 河庄街道
55%
余杭区:之江实验室 中泰街道
55%
拱墅区:香积寺 湖墅街道
52%
上城区:候潮门 紫阳街道
52%
余杭区:阿里总部 仓前街道
52%
临平区:原余杭站 南苑街道
52%
临平区:亭趾 运河街道
52%
萧山区:盈中 新街街道
52%
萧山区:凤凰工业园 衙前镇
52%
萧山区:里士湖 所前镇
52%
临安区:西径山 锦北街道
52%
临安区:临安一院 锦南街道
52%
临安区 於潜镇
52%
临安区 天目山镇
52%
临安区 清凉峰镇
52%
富阳区:高尔夫 东洲街道
52%
拱墅区:体育馆 长庆街道
48%
拱墅区:夹城 米市巷街道
48%
拱墅区:新天地 石桥街道
48%
钱塘区:顾家家居 前进街道
48%
萧山区:跨湖桥 闻堰街道
48%
萧山区:仙岩古镇 楼塔镇
48%
余杭区:青山村 黄湖镇
45%
临安区:吴越王陵 锦城街道
45%
临安区 太湖源镇
45%
富阳区 新登镇
45%
拱墅区:体育公园 东新街道
42%
拱墅区:独城公园 康桥街道
42%
余杭区:天登禅寺 百丈镇
42%
临平区:独山工业区 崇贤街道
42%
萧山区:水利博物馆 宁围街道
42%
萧山区:火车南站 新塘街道
42%
萧山区:萧山机场 瓜沥镇
42%
萧山区:龙灯胜会 河上镇
42%
富阳区 场口镇
42%
拱墅区:城西银泰 祥符街道
39%
钱塘区:东海禅寺 新湾街道
39%
钱塘区:围垦文化园 临江街道
39%
萧山区:湘湖西山 蜀山街道
39%
萧山区:仙女湖 戴村镇
39%
萧山区:凰桐江 浦阳镇
39%
萧山区:大岩山 进化镇
39%
临安区:卧龙寺 玲珑街道
33%
临平区:世纪公园 东湖街道
30%
富阳区 龙门镇
30%
富阳区 胥口镇
30%
萧山区:梅东村 党湾镇
27%
拱墅区:城市学院 上塘街道
24%
余杭区:联东U谷 仁和街道
24%
萧山区:机场物流 靖江街道
24%
萧山区:南沙庄园 益农镇
24%
临安区 太阳镇
24%
临安区 湍口镇
24%
富阳区 里山镇
24%
临安区 高虹镇
21%
临安区 潜川镇
21%
富阳区 渔山乡
21%
临安区 龙岗镇
18%
临安区 河桥镇
18%
富阳区:富阳高铁站 春江街道
18%
富阳区 万市镇
18%
富阳区 渌渚镇
18%
富阳区 洞桥镇
15%
富阳区 永昌镇
15%
富阳区 大源镇
15%
富阳区 新桐乡
15%
临安区 板桥镇
15%
临安区 岛石镇
12%
富阳区:东吴文化园 鹿山街道
12%
富阳区 常绿镇
12%
富阳区 常安镇
12%
富阳区 环山乡
12%
富阳区 春建乡
12%
富阳区 上官乡
9%
富阳区 湖源乡
9%
富阳区 灵桥镇
0%
No matching quizzes found
Score Distribution
Percent of People with Each Score
Percentile by Number Answered
Your Score History
You have not taken this quiz